Sexiest Man Alive- Sudden Death - Statistics

General Stats
  • This quiz has been taken 245 times
  • The average score is 6 of 20
Answers on the Grid
Answers color-coded by a green-red scale on the quiz's grid according to % correct below.
Chris Evans
Steve Carell
Paul Rudd
Idris Elba
David Beckham
Ryan Reynolds
Chris Pratt
Seth Meyers
Adam Levine
Chris Hemsworth
Kit Connor
Lewis Hamilton
Bryan Cranston
Josh Brolin
Channing Tatum
Hugh Grant
Hugh Jackman
Brad Pitt
Johnny Depp
Justin Bieber
Leonardo DiCaprio
Josh Hutcherson
John Krasinski
Matt Damon
Robert Downey Jr
George Clooney
Billy Crudup
Tom Cruise
Tom Holland
Ben Affleck
Michael B Jordan
Timothee Chalamet
Denzel Washington
Chadwick Boseman
Tom Hanks
Harrison Ford
Ryan Gosling
Sebastian Stan
Lionel Messi
Patrick Swayze
 
Answer Stats
Answer % Correct
Chris Evans
60%
Idris Elba
54%
Ryan Reynolds
53%
David Beckham
47%
Paul Rudd
45%
Brad Pitt
39%
Chris Hemsworth
39%
Johnny Depp
36%
Adam Levine
24%
Channing Tatum
24%
Hugh Jackman
24%
Tom Cruise
23%
George Clooney
22%
Matt Damon
17%
Harrison Ford
16%
John Krasinski
16%
Michael B Jordan
16%
Denzel Washington
15%
Patrick Swayze
15%
Ben Affleck
12%
No matching quizzes found
Score Distribution
Percent of People with Each Score
Percentile by Number Answered
Your Score History
You have not taken this quiz